Statistics for Top 10 European Wine-Producing Countries

Click here to take the quiz!

General Stats

  • This quiz has been taken 60 times
  • The average score is 9 of 10

Answer Stats

TonnesCountry% Correct
4,293,466France
100%
4,796,900Italy
100%
603,327Portugal
100%
4,607,850Spain
100%
920,200Germany
96%
334,300Greece
96%
378,283Romania
88%
199,869Austria
82%
258,520Hungary
80%
327,400Russia
79%

Score Distribution

Percentile by Number Answered

Percent of People with Each Score

Your Score History

You have not taken this quiz